महिला विकास एवं राजकीय योजनाएं (Record no. 3364)

MARC details
000 -LEADER
fixed length control field 01298 a2200253 4500
005 - DATE AND TIME OF LATEST TRANSACTION
control field 2008091102452.0
008 - FIXED-LENGTH DATA ELEMENTS--GENERAL INFORMATION
fixed length control field 080911t xxu||||| |||| 00| 0 hin d
010 ## - LIBRARY OF CONGRESS CONTROL NUMBER
LC control number HIN-79671
020 ## - INTERNATIONAL STANDARD BOOK NUMBER
Terms of availability 700.00
International Standard Book Number 8187445092
035 ## - SYSTEM CONTROL NUMBER
System control number HN-52017
037 ## - SOURCE OF ACQUISITION
Source of stock number/acquisition D.B.Act / pub
082 ## - DEWEY DECIMAL CLASSIFICATION NUMBER
Classification number 305.4
100 ## - MAIN ENTRY--PERSONAL NAME
Personal name शर्मा, संगीता
245 ## - TITLE STATEMENT
Title महिला विकास एवं राजकीय योजनाएं
Statement of responsibility, etc संगीता शर्मा
246 ## - VARYING FORM OF TITLE
Title proper/short title Mahila vikas avam rajnitik yojnayen
Remainder of title by Sangeeta Sharma
260 ## - PUBLICATION, DISTRIBUTION, ETC. (IMPRINT)
Place of publication, distribution, etc जयपुर
Name of publisher, distributor, etc रितु पब्लिकेशन्स
Date of publication, distribution, etc 2005
270 ## - ADDRESS
Address 28, सीतारामपुरी, आमेर रोड
City जयपुर
Postal code 302002
Telephone number 2633319
300 ## - PHYSICAL DESCRIPTION
Extent 344पृ
Dimensions 22 सेमी (सजिल्द)
520 ## - SUMMARY, ETC.
Summary, etc The book deals with the cenralised government policies regarding women`s development
650 ## - SUBJECT ADDED ENTRY--TOPICAL TERM
Topical term or geographic name as entry element Woman Development
700 ## - ADDED ENTRY--PERSONAL NAME
Personal name शर्मा, राजेश कुमार
942 ## - ADDED ENTRY ELEMENTS (KOHA)
Institution code [OBSOLETE] dpl
Koha item type Hindi Books
Call number prefix 305.4 / शर्मासं
Source of classification or shelving scheme Dewey Decimal Classification
Classification part 305.4
Call number suffix शर्मासं
Holdings
Withdrawn status Lost status Damaged status Not for loan Home library Current library Date acquired Cost, normal purchase price Total Checkouts Full call number Barcode Date last seen Copy number Uniform Resource Identifier Cost, replacement price Price effective from Koha item type
        D.B.Act.Division D.B.Act.Division 11/09/2008 700.00   305.4 शर्मासं HN-52017 15/09/2008 1 3584 700.00 15/09/2008 Hindi Books

© Delhi Public Library
Hit Counter
free hit counter